Statistiken für Leute aus Rheinland-Pfalz nach Bildern

Klicken Sie hier um das Quiz zu spielen!

Allgemein

  • Dieses Quiz wurde 69 mal gespielt
  • Das Durchschnittsergebnis liegt bei 6 aus 14

Antwortstatistiken

Antwort% Korrekt
Helmut Kohl
90%
Karl Marx
79%
Guildo Horn
71%
Marcel Reif
71%
Fritz Walter
69%
Malu Dreyer
66%
Hildegard von Bingen
53%
Stefan Bell
28%
Johannes Gutenberg
22%
Karl Kardinal Lehmann
22%
Oliver Mager
22%
Petra Gerster
21%
Wolfgang M. Schmitt
14%
Clemens von Brentano
5%

Verteilung der Resultate

Perzentil nach korrekt beantworteten Fragen

Anzahl Personen mit jedem Resultat

Ihre Resultats-Entwicklung

Sie haben dieses Quiz noch nicht gespielt